| 000 | 01478nam a22003734a 4500 | ||
|---|---|---|---|
| 001 | ebr10076950 | ||
| 003 | CaPaEBR | ||
| 006 | m u | ||
| 007 | cr cn||||||||| | ||
| 008 | 030211s2003 enka sb 001 0 eng | ||
| 010 | _z 2003044160 | ||
| 020 | _z1403903638 (cloth) | ||
| 040 |
_aCaPaEBR _cCaPaEBR |
||
| 035 | _a(OCoLC)559247655 | ||
| 050 | 1 | 4 |
_aHC412 _b.R463 2003eb |
| 082 | 0 | 4 |
_a337.1/5 _221 |
| 245 | 0 | 4 |
_aThe regional organizations of the Asia Pacific _h[electronic resource] : _bexploring institutional change / _cedited by Michael Wesley. |
| 260 |
_aHoundmills, Basingstoke, Hampshire ; _aNew York : _bPalgrave Macmillan, _c2003. |
||
| 300 |
_axiv, 247 p. : _bill. |
||
| 504 | _aIncludes bibliographical references and index. | ||
| 533 |
_aElectronic reproduction. _bPalo Alto, Calif. : _cebrary, _d2013. _nAvailable via World Wide Web. _nAccess may be limited to ebrary affiliated libraries. |
||
| 610 | 2 | 0 | _aAsian Development Bank. |
| 610 | 2 | 0 | _aASEAN. |
| 610 | 2 | 0 | _aAsia Pacific Economic Cooperation (Organization) |
| 610 | 2 | 0 | _aASEAN Regional Forum. |
| 650 | 0 | _aAsian cooperation. | |
| 650 | 0 | _aPacific Area cooperation. | |
| 650 | 0 |
_aRegionalism _zAsia. |
|
| 650 | 0 |
_aRegionalism _zPacific Area. |
|
| 655 | 7 |
_aElectronic books. _2local |
|
| 700 | 1 |
_aWesley, Michael, _d1968- |
|
| 710 | 2 | _aebrary, Inc. | |
| 856 | 4 | 0 |
_uhttp://site.ebrary.com/lib/rucke/Doc?id=10076950 _zAn electronic book accessible through the World Wide Web; click to view |
| 999 |
_c74080 _d74080 |
||